Loading...
| Literature - British | 0 | 3 | 0 | 1 | 30 | 5 | 85.67 | 1 | 1 | 12.20 | 18.02 |
| History - Other | 0 | 2 | 0 | 1 | 20 | 73 | 90.00 | 0 | 0 | 5.20 | 9.38 |
| Social Science | 0 | 2 | 0 | 0 | 20 | 43 | 77.00 | 1 | 1 | 9.12 | 12.93 |
| Fine Arts - Other | 0 | 2 | 0 | 0 | 20 | 42 | 84.50 | 1 | 1 | 7.80 | 15.56 |
| Fine Arts - Classical Music | 0 | 1 | 0 | 1 | 10 | 121 | 121.00 | 0 | 0 | -0.09 | 1.11 |
| Literature - World/Other | 0 | 1 | 0 | 0 | 10 | 64 | 64.00 | 0 | 1 | 6.37 | 7.41 |
| Philosophy | 0 | 1 | 0 | 1 | 10 | 117 | 117.00 | 0 | 0 | -0.19 | 2.02 |
| Pop Culture | 0 | 1 | 0 | 0 | 10 | 85 | 85.00 | 0 | 0 | 18.05 | 22.22 |
| Literature - American | 0 | 1 | 0 | 0 | 10 | 144 | 144.00 | 0 | 0 | 0.30 | 1.11 |
| Fine Arts - Visual | 0 | 1 | 0 | 0 | 10 | 89 | 89.00 | 0 | 0 | 3.79 | 7.78 |
| Geography/Current Events | 0 | 1 | 0 | 0 | 10 | 97 | 97.00 | 0 | 0 | 4.48 | 6.00 |
| History - American | 0 | 1 | 0 | 0 | 10 | 40 | 40.00 | 0 | 1 | 7.64 | 10.00 |
| Mythology | 0 | 0 | 1 | 0 | -5 | 0.00 | 0 | 0 | 0.00 | 0.00 |